| 000 | 00796nam a2200217 a 4500 | ||
|---|---|---|---|
| 001 | 47950 | ||
| 003 | BD-RjUL | ||
| 005 | 20211209054428.0 | ||
| 008 | 160811s1984 bg a|||| |||| 00| 0 ben d | ||
| 035 | _a(BD-RjUL)48069 | ||
| 040 |
_aBD-RjUL _bben _cBD-RjUL |
||
| 041 | _aben | ||
| 082 |
_223 _aB 537.622 _bRAA 1984 |
||
| 100 |
_aরহমান, জালালুর _9145503 |
||
| 245 |
_aঅর্ধপরিবাহী বিজ্ঞান / _cজালালুর রহমান |
||
| 260 |
_aঢাকা : _bবাংলা একাডেমী, _c১৯৮৪. |
||
| 300 |
_a৫১২ পৃ. : _bচিত্র ; _c২২ সেমি. |
||
| 650 |
_aঅর্ধপরিবাহী _xপদার্থ _9145504 |
||
| 650 |
_aSemiconductivity _xPhysics _9145505 |
||
| 942 |
_2ddc _cBK |
||
| 999 |
_c47950 _d47950 |
||